000 00471nam a2200181Ia 4500
008 151202s9999||||xx |||||||||||||| ||und||
082 _bPNVM-32508
100 _aदिघे प्रभाकर.
245 _aनरपशू.
260 _b---
260 _c0
300 _a0
600 _aदिघे प्रभाकर.
630 _aनरपशू.
700 _aदिघे प्रभाकर.
730 _aनरपशू.
942 _cBOOK
999 _c1298469
_d1298466